| 000 | 00484 a2200157 4500 | ||
|---|---|---|---|
| 999 |
_c2631 _d2631 |
||
| 020 | _a9788126524914 | ||
| 050 | _aHF 5549 BAR 1999 | ||
| 100 |
_aBaron, James N. _eauthor |
||
| 245 |
_aStrategic human resources : _b frameworks for general managers / _cJames N Baron and David M Kreps |
||
| 264 |
_aNew York : _bWiley, _c1999 |
||
| 300 | _axxi. 602. : | ||
| 500 | _aincludes indexes. | ||
| 650 | _aHuman resources. | ||
| 700 |
_aDavid M Kreps _eauthor |
||
| 942 |
_2lcc _cBK _h5549 _iBAR _kHF |
||